00525nmm a2200157Ia 4500008004100000020001800041041000800059100003200067245007700099264006600176300001800242650003200260856005100292942000700343999001700350251105s9999||||xx |||||||||||||||||und|| a9788491804642 aspa aSánchez Sánchez, Rafael 0aEl mitin en España :b De la plaza de toros a la señal institucional a[Madrid, España] :bUniversitat Oberta de Catalunya, c2019 a240 páginas aPolitical Science (General) uhttps://public.digitaliapublishing.com/a/61779 cCF c88696d88696